Σχεδιασμός δικτύου ανίχνευσης δασικών πυρκαγιών με τη χρήση γεωγραφικών συστημάτων πληροφοριών : πτυχιακή εργασία
Αποθηκεύτηκε σε:
| Κύριος συγγραφέας: | |
|---|---|
| Συγγραφή απο Οργανισμό/Αρχή: | |
| Άλλοι συγγραφείς: | |
| Μορφή: | Thesis Βιβλίο |
| Γλώσσα: | Greek |
| Δημοσίευση: |
Μυτιλήνη :
Πανεπιστήμιο Αιγαίου, Τμήμα Περιβάλλοντος, Τομέας Γεωγραφίας και Περιβαλλοντικού Σχεδιασμού, Εργαστήριο Τηλεπισκόπισης και Γ. Σ. Π.,
1999
|
| Θέματα: | |
| Διαθέσιμο Online: | http://hdl.handle.net/11610/10131 |
| Ετικέτες: |
Προσθήκη ετικέτας
Δεν υπάρχουν, Καταχωρήστε ετικέτα πρώτοι!
|
MARC
| LEADER | 00000cam a2200000 i 4500 | ||
|---|---|---|---|
| 001 | 1/7670 | ||
| 008 | 000622s1999 gre d | ||
| 035 | |l 10062370 | ||
| 040 | |a GR-MY-UA |b gre |e aacr | ||
| 041 | 0 | |a gre | |
| 082 | 0 | |a 363.379 |2 (22) | |
| 100 | 1 | |a Βασιλάκος, Χρήστος. | |
| 245 | 1 | 0 | |a Σχεδιασμός δικτύου ανίχνευσης δασικών πυρκαγιών με τη χρήση γεωγραφικών συστημάτων πληροφοριών : |b πτυχιακή εργασία / |c Βασιλάκος Χρήστος; Ι. Ν. Χατζόπουλος ; υπεύθυνος καθηγητής Ι. Ν. Χατζόπουλος |
| 260 | |a Μυτιλήνη : |b Πανεπιστήμιο Αιγαίου, Τμήμα Περιβάλλοντος, Τομέας Γεωγραφίας και Περιβαλλοντικού Σχεδιασμού, Εργαστήριο Τηλεπισκόπισης και Γ. Σ. Π., |c 1999 | ||
| 300 | |a 62 σ.; |b εικ., πιν., σχ., χάρτες; |c 30 εκ. | ||
| 500 | |a Επιτροπή: Ι. Ν. Χατζόπουλος, Νίκος Σουλακέλλης, Ευγενία Κουτσίδου | ||
| 502 | |a Πτυχιακή εργασία – Πανεπιστήμιο Αιγαίου, Λέσβος, 1999. | ||
| 504 | |a Περιέχει παραρτήματα και βιβλιογραφία | ||
| 650 | 0 | 0 | |a Forest fires |x Forecasting. |
| 650 | 0 | 0 | |a Forest fires |x Research. |
| 650 | 0 | 0 | |a Forest protection. |
| 650 | 0 | 0 | |a Forest fires |x Prevention and control. |
| 650 | 0 | 0 | |a Forest fires |x Geographic information systems. |
| 650 | 0 | 0 | |a Dissertations, Academic |z Greece. |
| 700 | 1 | |a Χατζόπουλος, Ιωάννης Ν. |4 ths | |
| 710 | 2 | |a Πανεπιστήμιο Αιγαίου. |b Σχολή Περιβάλλοντος. |b Τμήμα Περιβάλλοντος. | |
| 852 | |a INST |b LESVOS |c DIATR |e 20000622 |h 527 |p 005100025795 |q 005100025795 |t DIE |y 23 | ||
| 852 | |a INST |b LESVOS |c DIATR |e 20000622 |h 528 |p 005100025799 |q 005100025799 |t DIE |y 23 | ||
| 856 | |u http://hdl.handle.net/11610/10131 | ||
| 901 | |a BIBL1-2000-2 | ||
| 909 | |a Λ |b 080553 | ||
| 909 | |a Λ |b 080554 | ||
| 924 | |a ΒΑΣΙΛΑΚΟΣ |b ΧΡΗΣΤΟΣ |y ΛΕΣΒΟΣ |z 1999 | ||
| 970 | |a ΑΙΒΑΤΖΙΔΟΥ |b ΕΛΕΝΗ |z 2000/06/22 | ||